|
|
|
|
| LEADER |
01220nam a2200313 a 4500 |
| 001 |
c000187844 |
| 003 |
CARM |
| 005 |
19960702000000.0 |
| 008 |
930525s1993 dcua b i000 0 eng |
| 010 |
|
|
|a 93014541
|
| 019 |
1 |
|
|a 10139455
|5 LACONCORD2021
|
| 020 |
|
|
|a 082132506X
|
| 035 |
|
|
|a (OCoLC)28293667
|5 LACONCORD2021
|
| 040 |
|
|
|a LC
|b eng
|c LC
|d AMG
|
| 043 |
|
|
|a d------
|
| 050 |
0 |
0 |
|a SB117.4.D44
|b S74 1993
|
| 082 |
0 |
0 |
|a 338.1/7
|2 20
|
| 100 |
1 |
|
|a Srivastava, Jitendra,
|d 1940-
|
| 245 |
1 |
0 |
|a Best practices for moving seed technology :
|b new approaches to doing business /
|c Jitendra P. Srivastava and Steven Jaffee.
|
| 260 |
|
|
|a Washington, D.C. :
|b World Bank,
|c c1993.
|
| 300 |
|
|
|a ix, 36 p. :
|b ill. ;
|c 28 cm.
|
| 440 |
|
0 |
|a World Bank technical paper ;
|v no. 213.
|
| 504 |
|
|
|a Includes bibliographical references (p. 35-36).
|
| 650 |
|
0 |
|a Seed technology
|z Developing Countries.
|
| 650 |
|
0 |
|a Seed industry and trade
|z Developing countries.
|
| 700 |
1 |
|
|a Jaffee, Steven.
|
| 852 |
8 |
|
|b CARM
|h A2:AO17B0
|i D08516
|p 0251980
|f BK
|
| 999 |
f |
f |
|i 9c61a07a-8473-51ab-aa77-e1de0a3617c2
|s 8011ab19-6c59-5dcc-a82f-82350f471bae
|
| 952 |
f |
f |
|p Can circulate
|a CAVAL
|b CAVAL
|c CAVAL
|d CARM 1 Store
|e D08516
|f A2:AO17B0
|h Other scheme
|i book
|m 0251980
|